Sports Quiz

Random Sports or Football Quiz

Click the Sports Champions A-Z Quiz Stats

 Plays Quiz not verified by Sporcle

Score 0/25 Timer 05:00
16 Plays Today
% Correct
Venus Williams
94.4%
Babe Ruth
94.2%
Tiger Woods
94.1%
Usain Bolt
94.1%
LeBron James
93.7%
Guo Yue-Ha
92.4%
Olga Korbut
92.4%
John McEnroe
92.2%
Quinton Dunbar
88.5%
Ingemar Stenmark
87.7%
Annika Sörenstam
86.2%
Floyd Mayweather, Jr.
84.8%
Yasuhiro Yamashita
84.2%
% Correct
Pelé
82.5%
Wayne Gretzky
80.3%
Carl Lewis
78.2%
Hilary Knight
77.4%
Naim Suleymanoglu
73.8%
Zinedine Zidane
73.2%
Danica Patrick
72%
Rodrigo Pessoa
46.9%
Magnus Wislander
46%
Steve Redgrave
43%
Kim Hughes
35.5%
Ellery Hanley
19.1%

You're not logged in!

Compare scores with friends on all Sporcle quizzes.
OR
Log In

Sporcle TV

Today on Sporcle TV


Watch our educational content, quiz creation guides, and fun videos on Sporcle TV.

Show Comments

Extras

Top Quizzes Today


Score Distribution

Your Account Isn't Verified!

In order to create a playlist on Sporcle, you need to verify the email address you used during registration. Go to your Sporcle Settings to finish the process.

Report this User

Report this user for behavior that violates our Community Guidelines.

Details: